000
00273nam a2200109Ia 4500
008
240521s9999 xx 000 0 und d
041
_a
eng
100
_a
SYMES MICHAEL
245
_a
THE ENGLISH ROCOCO GARDEN
260
_b
SIRLSAAC PITMAN & SONS.LTD,LONDON
300
_a
80
999
_c
1161925
_d
1161925